Les 77 personnages Games Of Thrones - Statistiques

Statistiques générales
  • Ce quiz a été pris 208 fois
    18 depuis la dernière actualisation
  • Le résultat moyen est 31 sur 77
Statistiques - réponses
Personnages % Correct
3 Arya Stark
100%
4 Daenerys Targaryen
100%
53 Jon Arryn
100%
1 Jon Snow
100%
2 Tyrion Lannister
100%
5 Cersei Lannister
91%
6 Jaime Lannister
91%
9 Robb Stark
91%
8 Sansa Stark
91%
22 Bran Stark
82%
20 Eddard Stark
82%
15 Tywin Lannister
82%
21 Catelyn Stark
73%
11 Jorah Mormont
73%
26 Robert Baratheon
73%
39 Khal Drogo
64%
12 Sandor Glegane
64%
33 Viserys Targaryen
64%
10 Brienne de Torth
55%
7 Joffrey Baratheon
55%
67 Lysa Arryn
55%
23 Missandei
55%
14 Petyr Baelish
55%
13 Theon Greyjoy
55%
51 Varys
55%
31 Hodor
45%
18 Ramsay Bolton
45%
73 Rickon Stark
45%
38 Shae
45%
19 Stannis Baratheon
45%
17 Bronn
36%
43 Loras Tyrell
36%
28 Lyanna Stark
36%
61 Mélissandre
36%
36 Olenna Tyrell
36%
16 Samwell Tarly
36%
34 Ver Gris
36%
68 Walder Frey
36%
45 Barristan Selmy
27%
41 Daario Naharis
27%
49 Davos
27%
50 Drogon
27%
42 Euron Greyjoy
27%
30 Lancel Lannister
27%
40 Mance
27%
32 Margaery Tyrell
27%
24 Myrcella Baratheon
27%
27 Oberyn Martell
27%
55 Podrick
27%
57 Rhaegal
27%
66 Robin Arryn
27%
44 Talisa
27%
25 Tommen Baratheon
27%
65 Viserion
27%
29 Yara Greyjoy
27%
35 Doran Martell
18%
58 Ellaria Sand
18%
60 Eté
18%
48 Fantôme
18%
47 Gendry
18%
52 Jeor Mormont
18%
72 Nymeria
18%
46 Osha
18%
75 Qyburn
18%
64 Alliser Thorne
9%
62 Jojen Reed
9%
76 Lady
9%
54 Meera Reed
9%
37 Renly Baratheon
9%
71 Ros
9%
59 Vère
9%
63 Hizdahr
0%
70 Jhiqui
0%
77 Myranda
0%
56 Roi des morts
0%
74 Unella
0%
69 Xaro Xhoan Daxos
0%
Aucun quiz correspondant
Distribution des résultats
% des personnes avec chaque résultat
Percentile par nombre de réponses
Votre historique - résultats
Vous n’avez pas pris ce quiz depuis la dernière actualisation